Zmeny v uplatňovaní paušálnych výdavkov od roku 2013
Zmeny, ktoré priniesla novela zákona o dani z príjmov č. 239/2012 sprísňujú a obmedzujú uplatňovanie paušálnych výdavkov u fyzických osôb - podnikateľov i nepodnikateľov. Vo väčšine prípadov znamenajú vyššie daňové zaťaženie pre daňovníkov.
Enregistré dans:
| Auteur principal: | |
|---|---|
| Format: | Chapitre de livre |
| Langue: | slovaque |
| Sujets: | |
| Tags: |
Pas de tags, Soyez le premier à ajouter un tag!
|
MARC
| LEADER | 00000naa a2200000 4500 | ||
|---|---|---|---|
| 001 | 0166613 | ||
| 005 | 20240502072912.4 | ||
| 041 | 0 | |a slo | |
| 044 | |a SK | ||
| 245 | 1 | 0 | |a Zmeny v uplatňovaní paušálnych výdavkov od roku 2013 |c Marcela Rabatinová |
| 520 | |a Zmeny, ktoré priniesla novela zákona o dani z príjmov č. 239/2012 sprísňujú a obmedzujú uplatňovanie paušálnych výdavkov u fyzických osôb - podnikateľov i nepodnikateľov. Vo väčšine prípadov znamenajú vyššie daňové zaťaženie pre daňovníkov. | ||
| 610 | 2 | 0 | |a daňovníci |
| 610 | 2 | 0 | |a výdavky |
| 610 | 2 | 0 | |a výdavky daňové |
| 610 | 2 | 0 | |a príjmy |
| 610 | 2 | 0 | |a prenájom |
| 610 | 2 | 0 | |a honoráre |
| 100 | 1 | |a Rabatinová, Marcela, 1977- | |